Manual de procedimiento civil: el juicio ejecutivo

Uloženo v:
Podrobná bibliografie
Hlavní autor: Espinosa Fuentes, Raúl (Autor)
Další autoři: Maturana Miquel, Cristián (autor)
Médium: Kniha
Jazyk:španělština
Vydáno: Santiago Jurídica de Chile 1997
Vydání:10a. ed
Edice:Manuales Jurídicos, 17
Témata:
Tagy: Přidat tag
Žádné tagy, Buďte první, kdo vytvoří štítek k tomuto záznamu!

MARC

LEADER 00000nam a2200000 a 4500
001 UCS6157
003 CL-VaPUC
008 970912e19970000CL |||||||||||||||||spa|d
082 0 4 |a 347.8307  |b ESP  |2 21 
100 0 |a Espinosa Fuentes, Raúl  |e author  |9 391653 
700 |a Maturana Miquel, Cristián  |e autor  |9 598660 
245 1 0 |a Manual de procedimiento civil: el juicio ejecutivo 
250 |a 10a. ed 
300 |a 227 p 
942 |c BK 
945 |d 19970912 00:00:00  |a jquezada 
260 |a Santiago  |b Jurídica de Chile  |c 1997 
650 0 |a Procedimiento civil  |9 254870 
650 0 |a Juicio ejecutivo  |9 254866 
650 7 |a MANUAL DE PROCEDIMIENTO CIVIL  |2 CL-VaPUC  |9 391655 
651 7 |a CHILE  |2 CL-VaPUC  |9 391656 
583 |a last modification  |c 19970912 00:00:00  |k Rodrigo Vera 
490 0 |a Manuales Jurídicos, 17 
999 |c 262114  |d 262112